<?xml version="1.0" encoding="UTF-8"?>
<record
    xmlns:xsi="http://www.w3.org/2001/XMLSchema-instance"
    xsi:schemaLocation="http://www.loc.gov/MARC21/slim http://www.loc.gov/standards/marcxml/schema/MARC21slim.xsd"
    xmlns="http://www.loc.gov/MARC21/slim">

  <leader>01009    a2200157   4500</leader>
  <controlfield tag="003">OSt</controlfield>
  <controlfield tag="005">20251210135349.0</controlfield>
  <controlfield tag="008">251210b        |||||||| |||| 00| 0 eng d</controlfield>
  <datafield tag="020" ind1=" " ind2=" ">
    <subfield code="a">9780143456551</subfield>
  </datafield>
  <datafield tag="100" ind1=" " ind2=" ">
    <subfield code="a">Gupta A.</subfield>
    <subfield code="9">215685</subfield>
  </datafield>
  <datafield tag="245" ind1=" " ind2=" ">
    <subfield code="a">The Hidden Hindu Vol 1 </subfield>
  </datafield>
  <datafield tag="260" ind1=" " ind2=" ">
    <subfield code="b">Penguin Random House India</subfield>
    <subfield code="c">2023</subfield>
    <subfield code="a">Haryana</subfield>
  </datafield>
  <datafield tag="300" ind1=" " ind2=" ">
    <subfield code="a">317pp</subfield>
  </datafield>
  <datafield tag="520" ind1=" " ind2=" ">
    <subfield code="a">
Who is Devdhwaja: Nagendra or Om? Parimal and LSD struggle to trust each other while Nagendra is resurrected from the dead, unharmed and more powerful than ever before. Parashurama and Kripacharya are trapped in the collapsed Om&#x2019;s past while Vrishkapi is fighting against certain death, which has already consumed Milarepa. Leaving the mighty Ashwatthama clueless, the other immortals are dismantled from all fronts. Where are the remaining words hidden? Will Nagendra find them all and complete the verse, or will the immortals be able to stop him? Unravel the unexpected mystery of the doomed immortals, running out of time.</subfield>
  </datafield>
  <datafield tag="942" ind1=" " ind2=" ">
    <subfield code="c">BK</subfield>
    <subfield code="2">ddc</subfield>
  </datafield>
  <datafield tag="999" ind1=" " ind2=" ">
    <subfield code="c">369305</subfield>
    <subfield code="d">369305</subfield>
  </datafield>
  <datafield tag="952" ind1=" " ind2=" ">
    <subfield code="0">0</subfield>
    <subfield code="1">0</subfield>
    <subfield code="2">ddc</subfield>
    <subfield code="4">0</subfield>
    <subfield code="7">0</subfield>
    <subfield code="8">MCA</subfield>
    <subfield code="a">001</subfield>
    <subfield code="b">001</subfield>
    <subfield code="d">2025-12-06</subfield>
    <subfield code="e">8</subfield>
    <subfield code="g">224.25</subfield>
    <subfield code="l">2</subfield>
    <subfield code="p">KBJP-BK-2895</subfield>
    <subfield code="r">2026-02-17 12:13:24</subfield>
    <subfield code="s">2026-02-13</subfield>
    <subfield code="v">299.00</subfield>
    <subfield code="w">2025-12-06</subfield>
    <subfield code="y">BK</subfield>
    <subfield code="z">2895</subfield>
  </datafield>
</record>
